000 00417nam a2200145 i 4500
001 bg
100 1 _aNowicki, Maciej
_d(1941- ).
245 0 _aProjektowanie lokalizacji zakładów przemysłowych w aspekcie ochrony atmosfery /
_cM. Nowicki, W. Jaworski.
260 _aWarszawa,
_c1986.
700 1 _aJaworski, Wojciech.
040 _cBPK
041 _apol
942 _cKS
008 s pl f |000 0 pol
999 _c3578
_d3578
856 _uhttp://koha.tu.koszalin.pl/cgi-bin/koha/opac-detail.pl?biblionumber=3578
_yKatalog online BPK